Associa l'artista al suo paese di nascita - Statistics

Statistiche generali
  • Questo quiz è stato fatto 69 volte
  • Il punteggio medio è 13 su 23
Statistiche sulle risposte
Hint Risposta % Corretto
Vincent van Gogh Paesi Bassi
81%
Pablo Picasso Spagna
81%
Leonardo da Vinci Italia
79%
Monet Francia
77%
Katsushika Hokusai Giappone
75%
Andy Warhol Stati Uniti
69%
Ai Weiwei Cina
65%
Frida Kahlo Messico
65%
William Turner Regno Unito
62%
Gustav Klimt Austria
56%
Wassily Kandinsky Russia
56%
René Magritte Belgio
54%
Tarsila do Amaral Brasile
54%
Edvard Munch Norvegia
52%
Caspar David Friedrich Germania
50%
Anish Kapoor India
50%
Fidia Grecia
44%
Marina Abramović Serbia
42%
Lucio Fontana Argentina
38%
Bertel Thorvaldsen Danimarca
33%
Alfons Mucha Cechia
29%
Alberto Giacometti Svizzera
25%
William Kentridge Sudafrica
21%
Nessun quiz corrispondente trovato
Distribuzione punteggi
Percentuale di utenti per punteggio
Percentile per numero di risposta
I tuoi punteggi nel tempo
Non hai fatto questo quiz